Person-Centered Therapy : A Revolutionary Paradigm /

Compendio de escritos sobre la terapia centrada en la persona, planteamiento desarrollado por el psicólogo norteamericano Carl Rogers (1902-1987). Los textos están organizados en cinco secciones, relativas a la teoría y filosofía, los fundamentos de la práctica, las aplicaciones, la investigación y...

Descrizione completa

Salvato in:
Dettagli Bibliografici
Autore principale: Bozarth, Jerold D. (autor)
Natura: Libro
Lingua:inglese
Pubblicazione: Ross-on-Wye, Inglaterra : PCCS Books, 2002, c1998
Serie:(Person-Centred Approach and Client-Centred Therapy Essential Readers)
Soggetti:
Tags: Aggiungi Tag
Nessun Tag, puoi essere il primo ad aggiungerne!!

MARC

LEADER 00000nam^a2200000^a^4500
001 000182998
005 20250521000000.0
009 20260310102027.555
020 |a 1-898059-22-5 
037 |a Acervo ITESO - Biblioteca 
041 |a ING 
082 |a 616. 89146  |b BOZ 
100 |a Bozarth, Jerold D.  |e (autor) 
245 1 0 |a Person-Centered Therapy :  |b A Revolutionary Paradigm /  |c J.D. Bozarth. 
264 4 |a Ross-on-Wye, Inglaterra :  |b PCCS Books,  |c 2002, c1998 
300 |a VI, 204 p. 
336 |a texto  |b txt  |2 rdacontenido 
337 |a sin mediación  |b n  |2 rdamedio 
338 |a volumen  |b nc  |2 rdasoporte 
440 1 |a (Person-Centred Approach and Client-Centred Therapy Essential Readers) 
520 |a Compendio de escritos sobre la terapia centrada en la persona, planteamiento desarrollado por el psicólogo norteamericano Carl Rogers (1902-1987). Los textos están organizados en cinco secciones, relativas a la teoría y filosofía, los fundamentos de la práctica, las aplicaciones, la investigación y las implicaciones de la terapia centrada en la persona, que reflejan los fundamentos de la propuesta de Rogers y presentan un marco para el entendimiento de esta aproximación psicoterapéutica. 
521 |a 2004 BO Maestría en Psicoterapia 
649 |a XX 
650 |a Terapia Centrada en la Persona 
650 |a Psicoterapia 
650 |a Psicología Clínica 
910 |a Fondo General 
920 |a Impresos - Libros 
930 |a Colección General 
905 |a 101 
901 |a 0500122972  |b IT1  |c ACC  |u 20250521 
901 |a 0500123000  |b IT1  |c ACC  |u 20250521 
901 |a 0500235640  |b IT1  |c ACC  |i C141816  |u 20250521 
901 |a 0500235639  |b IT1  |c ACC  |i C141980  |u 20250521 
902 |a https://opac.biblio.iteso.mx/vufind/Record/000182998